000 00408nam a2200181Ia 4500
005 20240823061108.0
008 240823s9999||||xx |||||||||||||| ||und||
041 _aTAMIL
082 _A152.46 Q6
100 _aNalli Kuppuswami Chettiar
245 0 _aNeram Nalla Neram
250 _a3rd
260 _c2016
_bNannool
500 _aYES
650 _aTamil Book
_bGeneral
942 _cBK
999 _c232700
_d232700